Statistics for All 50k U.S. Cities on a Map by Letter - B

Click here to take the quiz!

General Stats

  • This quiz has been taken 429 times
  • The average score is 23 of 56

Answers on the Map

Answers color-coded by a green-red scale on the quiz's map according to % correct below.
Loading ...
 

Answer Stats

StatePopulationCity% Correct
MA692,600Boston
98%
NY255,284Buffalo
96%
MD593,490Baltimore
96%
ID228,959Boise
94%
LA220,236Baton Rouge
94%
AL209,403Birmingham
94%
CA384,145Bakersfield
87%
MT109,577Billings
80%
TX182,781Brownsville
78%
ND73,529Bismarck
76%
CT144,399Bridgeport
72%
CO105,673Boulder
71%
WA148,164Bellevue
61%
NE53,544Bellevue
61%
OR100,421Bend
57%
CA51,063Beaumont
57%
TX116,825Beaumont
57%
OK110,198Broken Arrow
53%
CA121,363Berkeley
51%
IL77,330Bloomington
47%
IN85,755Bloomington
47%
MN84,943Bloomington
47%
WA92,314Bellingham
46%
FL99,805Boca Raton
46%
OR99,037Beaverton
44%
CA102,511Burbank
41%
KY70,543Bowling Green
40%
PA75,815Bethlehem
36%
CT59,947Bristol
32%
AR54,909Bentonville
32%
NC54,606Burlington
32%
MA95,708Brockton
30%
MI51,093Battle Creek
28%
LA68,159Bossier City
23%
FL59,439Bradenton
22%
TX86,276Bryan
18%
MN80,389Brooklyn Park
18%
MD58,643Bowie
18%
NJ64,897Bayonne
17%
CO70,465Broomfield
17%
IL74,545Bolingbrook
16%
TX77,192Baytown
16%
FL78,679Boynton Beach
16%
AZ79,620Buckeye
14%
TN59,440Bartlett
12%
MO55,829Blue Springs
11%
MN65,607Blaine
11%
CA81,788Buena Park
10%
CA76,435Bellflower
10%
MN61,339Burnsville
10%
FL59,637Bonita Springs
9%
IL54,391Berwyn
7%
CA75,251Baldwin Park
7%
WA51,500Burien
7%
CA64,474Brentwood
5%
GA55,554Brookhaven
5%

Score Distribution

Percentile by Number Answered

Percent of People with Each Score

Your Score History

You have not taken this quiz